Welcome to CU Library Online Public Access Catalogue (OPAC)

Introducing the old testament: (Record no. 3837)

MARC details
000 -LEADER
fixed length control field 00442nam a22001577a 4500
005 - DATE AND TIME OF LATEST TRANSACTION
control field 20250213163147.0
008 - FIXED-LENGTH DATA ELEMENTS--GENERAL INFORMATION
fixed length control field 250213b |||||||| |||| 00| 0 eng d
020 ## - INTERNATIONAL STANDARD BOOK NUMBER
International Standard Book Number 9780745950167
050 ## - LIBRARY OF CONGRESS CALL NUMBER
Classification number BS 1140.3.D73
Item number 1
100 ## - MAIN ENTRY--PERSONAL NAME
Personal name DRANE,John
245 ## - TITLE STATEMENT
Title Introducing the old testament:
Remainder of title completely and revised and updated
260 ## - PUBLICATION, DISTRIBUTION, ETC.
Place of publication, distribution, etc. England
Name of publisher, distributor, etc. A lion Book
Date of publication, distribution, etc. 2000c
300 ## - PHYSICAL DESCRIPTION
Extent 366p
500 ## - GENERAL NOTE
General note index, pic, maps, tables
942 ## - ADDED ENTRY ELEMENTS (KOHA)
Source of classification or shelving scheme Library of Congress Classification
Koha item type Books
Suppress in OPAC No
999 ## -
-- 3837
-- 3837
Holdings
Withdrawn status Lost status Source of classification or shelving scheme Damaged status Not for loan Collection Home library Current library Shelving location Date acquired Total checkouts Full call number Barcode Date last seen Copy number Price effective from Koha item type
    Library of Congress Classification     Non-fiction Graduate Library (Christ Temple) Graduate Library (Christ Temple) General stacks 02/13/2025   BS 1140.3.D 73 DRA GSCT00000490 02/13/2025 1 02/13/2025 Books
    Library of Congress Classification     Non-fiction Undergraduate Library (Christ Temple) Undergraduate Library (Christ Temple) General stacks 06/27/2025   BS1140.3D73 DRA ulct00003574 06/27/2025 1 06/07/2025 Books
© 2023-2024 Copyright: Central University Libraries. All Rights Reserved | Created by: Mahone Tech Office